000 00565nam a2200181Ia 4500
008 240925s9999 xx 000 0 und d
020 _a74634739
082 _a004 TUC
100 _aTucker, Allen .B
245 0 _aFundamentals of Computing I: Lab Manual: C++ Edition: Logic, Problem-solving, Programs and Computers
250 _aNA
260 _aNew Delhi:
_bTata McGraw Hill
_c,1994.
300 _axxii,688p.
_bNA
_fOriginal
500 _aIncludes Index
600 _aComputer Science
650 _aComputer science, information & general works
942 _cBK
999 _c6654
_d6654